000 00544nmm a2200193Ia 4500
008 251105s9999||||xx |||||||||||||||||und||
020 _a9788484282600
041 _aspa
100 _aChéjov, Antón P.
245 0 _aLa isla de Sajalín
264 _a[Madrid, España] :
_bAlba Editorial,
_c2012
300 _a448 páginas
490 _aClásica Maior
650 _aOther narratives
700 _aChéjov, Antón P.
700 1 _a Gallego Ballestero, Víctor
856 _uhttps://public.digitaliapublishing.com/a/33204
942 _cCF
999 _c63945
_d63945